Normal view
MARC view
Entry Personal Name
001 - CONTROL NUMBER
- control field: 24720
003 - CONTROL NUMBER IDENTIFIER
- control field: OSt
005 - DATE AND TIME OF LATEST TRANSACTION
- control field: 20211105134906.0
008 - FIXED-LENGTH DATA ELEMENTS
- fixed length control field: 211105|| aca||aabn | a|a d
040 ## - CATALOGING SOURCE
- Original cataloging agency: OSt
- Transcribing agency: OSt
100 ## - HEADING--PERSONAL NAME
- Personal name: Mrenna, S., ed
670 ## - SOURCE DATA FOUND
- Source citation: Work cat.: (OSt): International Symposium on Particle, Strings and Cosmology, PASCOS 99 7 California, U.S.A 1999 Dec. 10-16 24717, Particle, strings and cosmology, 2000